[Event "SVK-chT2C 2324"]
[Site "Slovakia"]
[Date "2024.03.16"]
[Round "10.1"]
[White "Papanetz, Peter"]
[Black "Milcova, Zuzana"]
[Result "1/2-1/2"]
[WhiteElo "2105"]
[BlackElo "2076"]
[PlyCount "80"]
[EventDate "2023.10.07"]
[EventType "team-tourn"]
[EventRounds "11"]
[EventCountry "SVK"]
[SourceTitle "EXT 2025"]
[Source "ChessBase"]
[SourceDate "2024.10.14"]
[SourceVersion "1"]
[SourceVersionDate "2024.10.14"]
[SourceQuality "1"]
[WhiteTeam "Filakovo"]
[BlackTeam "Martin Medea"]
[WhiteTeamCountry "SVK"]
[BlackTeamCountry "SVK"]

1. e4 d5 2. Nc3 d4 3. Nce2 c5 4. Ng3 Nc6 5. Bb5 Bd7 6. Nf3 e6 7. Qe2 h5 8. Bxc6 Bxc6 9. Ne5 h4 10. Nxc6 bxc6 11. Nf1 Ne7 12. d3 Ng6 13. Nd2 e5 14. Nc4 Be7 15. Qg4 Qd7 16. h3 Qxg4 17. hxg4 0-0-0 18. Bd2 f6 19. Ke2 Nf4+ 20. Bxf4 exf4 21. Kf3 g5 22. e5 Rhf8 23. exf6 Bxf6 24. Rae1 Kd7 25. Re4 Rde8 26. Rhe1 Rxe4 27. Rxe4 Rh8 28. Ne5+ Bxe5 29. Rxe5 Rg8 30. Rxc5 Kd6 31. b4 Rb8 32. a3 Rg8 33. Ke4 Re8+ 34. Kf3 Re5 35. Rxe5 Kxe5 36. Ke2 Kd6 37. f3 Kc7 38. Kd2 Kb6 39. c4 a5 40. bxa5+ Kxa5 1/2-1/2

[Event "SVK-chT2C 2324"]
[Site "Slovakia"]
[Date "2024.02.11"]
[Round "9.1"]
[White "Papanetz, Peter"]
[Black "Zvarik, Martin"]
[Result "1/2-1/2"]
[WhiteElo "2105"]
[BlackElo "2195"]
[PlyCount "44"]
[EventDate "2023.10.07"]
[EventType "team-tourn"]
[EventRounds "11"]
[EventCountry "SVK"]
[SourceTitle "EXT 2025"]
[Source "ChessBase"]
[SourceDate "2024.10.14"]
[SourceVersion "1"]
[SourceVersionDate "2024.10.14"]
[SourceQuality "1"]
[WhiteTeam "Filakovo"]
[BlackTeam "Zilina DMS"]
[WhiteTeamCountry "SVK"]
[BlackTeamCountry "SVK"]

1. e4 c5 2. c3 e6 3. Nf3 d5 4. exd5 exd5 5. d4 Nc6 6. Be3 Qb6 7. Qc1 Nf6 8. h3 Ne4 9. Nbd2 f5 10. Be2 Be6 11. 0-0 c4 12. Nxc4 dxc4 13. d5 Bc5 14. Bxc5 Qxc5 15. dxc6 bxc6 16. Nd4 Bd5 17. f3 Nd6 18. Qe3+ Kd7 19. Nxf5 Qxe3+ 20. Nxe3 Rae8 21. Kf2 Rhf8 22. Nxd5 cxd5 1/2-1/2

[Event "SVK-chT1E 2223"]
[Site "Slovakia"]
[Date "2023.12.16"]
[Round "5.2"]
[White "Papanetz, Peter"]
[Black "Stevik, Patrik1"]
[Result "0-1"]
[WhiteElo "2082"]
[BlackElo "2188"]
[PlyCount "84"]
[EventDate "2023.10.21"]
[EventType "team-tourn"]
[EventRounds "11"]
[EventCountry "SVK"]
[SourceTitle "EXT 2025"]
[Source "ChessBase"]
[SourceDate "2024.10.14"]
[SourceVersion "1"]
[SourceVersionDate "2024.10.14"]
[SourceQuality "1"]
[WhiteTeam "Zvolen Slavia"]
[BlackTeam "Banska Bystrica Junior"]
[WhiteTeamCountry "SVK"]
[BlackTeamCountry "SVK"]

1. e4 d6 2. d4 Nd7 3. Nf3 e5 4. Nc3 c6 5. Be2 Be7 6. 0-0 Ngf6 7. a4 0-0 8. h3 Re8 9. Re1 Bf8 10. Bf1 h6 11. a5 Qc7 12. Be3 exd4 13. Bxd4 Ne5 14. Be3 Be6 15. Nd4 Bc4 16. Bf4 Bxf1 17. Kxf1 g6 18. Nf3 Rad8 19. Kg1 Bg7 20. Bxe5 dxe5 21. Qe2 Nd7 22. Qc4 Nf8 23. Nd5 Qd6 24. Ne3 Ne6 25. c3 Nf4 26. Kh2 Nd3 27. Re2 Qf6 28. Kg1 Nf4 29. Ree1 Nxh3+ 30. Kf1 h5 31. Red1 Nf4 32. g3 Ne6 33. Kg2 Bh6 34. Nf1 Kg7 35. Qb4 h4 36. N1h2 Ng5 37. Nxg5 Qxg5 38. Rxd8 Qxd8 39. Nf3 hxg3 40. Kxg3 Qd7 41. Ng1 Bf4+ 42. Kg2 Rh8 0-1

[Event "SVK-chT1E 2223"]
[Site "Slovakia"]
[Date "2023.11.26"]
[Round "4.4"]
[White "Balazs, Ladislav"]
[Black "Papanetz, Peter"]
[Result "0-1"]
[WhiteElo "2029"]
[BlackElo "2105"]
[PlyCount "102"]
[EventDate "2023.10.21"]
[EventType "team-tourn"]
[EventRounds "11"]
[EventCountry "SVK"]
[SourceTitle "EXT 2025"]
[Source "ChessBase"]
[SourceDate "2024.10.14"]
[SourceVersion "1"]
[SourceVersionDate "2024.10.14"]
[SourceQuality "1"]
[WhiteTeam "Michalovce Zemplin"]
[BlackTeam "Zvolen Slavia"]
[WhiteTeamCountry "SVK"]
[BlackTeamCountry "SVK"]

1. a3 Nf6 2. g3 c5 3. b4 e6 4. Bg2 d5 5. Nf3 Nc6 6. 0-0 cxb4 7. axb4 Bxb4 8. c3 Bd6 9. Qa4 0-0 10. Ba3 Qe7 11. Bxd6 Qxd6 12. Na3 Bd7 13. Rfb1 b6 14. Nb5 Qe7 15. Qa3 Qxa3 16. Rxa3 Na5 17. Ne5 Bxb5 18. Rxb5 Rac8 19. Rb4 Rc7 20. g4 Rfc8 21. g5 Nd7 22. Nxd7 Rxd7 23. h4 Kf8 24. e3 Rc5 25. Bf1 Rdc7 26. Rba4 Ke7 27. Bd3 h6 28. gxh6 gxh6 29. Ra2 Nc6 30. Be2 Ra5 31. Kg2 Rxa4 32. Rxa4 Na5 33. f4 Nb3 34. d3 a5 35. c4 dxc4 36. dxc4 Rd7 37. Ra3 Nc5 38. Ra2 Ne4 39. Kf3 f5 40. Rb2 Rd6 41. h5 Kd7 42. Rb5 Kc7 43. Rb2 Rd7 44. Kg2 Rd2 45. Rxd2 Nxd2 46. Kf2 Kd6 47. Ke1 Ne4 48. Bd3 Kc5 49. Bb1 Kb4 50. Ba2 Ka3 51. c5 Nxc5 0-1

[Event "SVK-chT1E 2223"]
[Site "Slovakia"]
[Date "2023.11.25"]
[Round "3.4"]
[White "Papanetz, Peter"]
[Black "Sepesi, Samuel"]
[Result "1-0"]
[WhiteElo "2105"]
[BlackElo "2081"]
[PlyCount "77"]
[EventDate "2023.10.21"]
[EventType "team-tourn"]
[EventRounds "11"]
[EventCountry "SVK"]
[SourceTitle "EXT 2025"]
[Source "ChessBase"]
[SourceDate "2024.10.14"]
[SourceVersion "1"]
[SourceVersionDate "2024.10.14"]
[SourceQuality "1"]
[WhiteTeam "Zvolen Slavia"]
[BlackTeam "Humenne Reinter II"]
[WhiteTeamCountry "SVK"]
[BlackTeamCountry "SVK"]

1. e4 c5 2. c3 Nf6 3. e5 Nd5 4. Nf3 Nc6 5. Bc4 Nb6 6. Bb3 c4 7. Bc2 Qc7 8. Qe2 g5 9. e6 f6 10. Na3 g4 11. Nb5 Qb8 12. Nfd4 Ne5 13. d3 cxd3 14. Bxd3 a6 15. Na3 Nxd3+ 16. Qxd3 dxe6 17. Nc4 Nxc4 18. Qxc4 b5 19. Qd3 e5 20. Ne2 Bg7 21. Ng3 0-0 22. Nh5 f5 23. Bg5 e4 24. Qe3 Rf7 25. 0-0-0 Bb7 26. Rd7 Bc6 27. Rxe7 Qd6 28. Rxf7 Kxf7 29. Nxg7 Kxg7 30. Bf4 Qf6 31. Qc5 Kg8 32. Rd1 Rc8 33. Rd6 Qf8 34. Qd4 Qg7 35. Rxc6 Rxc6 36. Qd5+ Qf7 37. Qxc6 Qxa2 38. Qc8+ Kf7 39. Qxf5+ 1-0

[Event "SVK-chT1E 2223"]
[Site "Slovakia"]
[Date "2023.03.11"]
[Round "10.4"]
[White "Papanetz, Peter"]
[Black "Lisko, Frantisek"]
[Result "0-1"]
[WhiteElo "2100"]
[BlackElo "2191"]
[PlyCount "44"]
[EventDate "2022.10.15"]
[EventType "team-tourn"]
[EventRounds "11"]
[EventCountry "SVK"]
[SourceTitle "EXT 2024"]
[Source "ChessBase"]
[SourceDate "2023.10.10"]
[SourceVersion "1"]
[SourceVersionDate "2023.10.10"]
[SourceQuality "1"]
[WhiteTeam "Zvolen Slavia"]
[BlackTeam "Dunajov Martin"]
[WhiteTeamCountry "SVK"]
[BlackTeamCountry "SVK"]

1. e4 c5 2. c3 d5 3. exd5 Qxd5 4. d4 Nc6 5. dxc5 Qxd1+ 6. Kxd1 Bf5 7. Nf3 0-0-0+ 8. Ke1 e5 9. Be3 Nf6 10. Bb5 Ng4 11. b4 Be7 12. Nbd2 Rhe8 13. h3 Nxe3 14. fxe3 Bd3 15. Bxd3 Rxd3 16. Ke2 Rxc3 17. b5 Nb4 18. Ne4 Rc2+ 19. Nfd2 Nxa2 20. Rhb1 Rd8 21. b6 a6 22. g4 Nc3+ 0-1

[Event "SVK-chT2C 2223"]
[Site "Slovakia"]
[Date "2023.02.12"]
[Round "9.2"]
[White "Papanetz, Peter"]
[Black "Durnik, Stefan"]
[Result "1/2-1/2"]
[WhiteElo "2092"]
[BlackElo "2097"]
[PlyCount "146"]
[EventDate "2022.10.08"]
[EventType "team-tourn"]
[EventRounds "11"]
[EventCountry "SVK"]
[SourceTitle "EXT 2024"]
[Source "ChessBase"]
[SourceDate "2023.10.10"]
[SourceVersion "1"]
[SourceVersionDate "2023.10.10"]
[SourceQuality "1"]
[WhiteTeam "Filakovo"]
[BlackTeam "Martin Medea"]
[WhiteTeamCountry "SVK"]
[BlackTeamCountry "SVK"]

1. e4 c6 2. d4 d5 3. exd5 cxd5 4. Bd3 Nc6 5. c3 Qc7 6. Ne2 e6 7. Bf4 Bd6 8. Qd2 Bd7 9. Na3 a6 10. Bxd6 Qxd6 11. Qf4 Qxf4 12. Nxf4 Nge7 13. 0-0 0-0 14. Rfe1 b5 15. Nc2 Rfb8 16. Bf1 Nf5 17. Nd3 Nd6 18. Nc5 Be8 19. a4 bxa4 20. Nxa4 a5 21. Ne3 Na7 22. Nc5 f6 23. Ra2 Rb6 24. b4 Nab5 25. Bxb5 Rxb5 26. Rea1 Nc4 27. Nb3 Rab8 28. Nxa5 Nxa5 29. Rxa5 Rxa5 30. Rxa5 Kf7 31. Kf1 Rc8 32. Ra3 Bb5+ 33. Ke1 f5 34. Ra7+ Kf6 35. Kd2 h6 36. Nc2 Rh8 37. Ne1 g5 38. Nf3 h5 39. Ne5 Be8 40. g3 f4 41. gxf4 gxf4 42. h4 Kf5 43. f3 Kf6 44. Kc2 Bg6+ 45. Nxg6 Kxg6 46. Ra5 Kf6 47. b5 Ke7 48. Kb3 Kd6 49. Kb4 Rg8 50. Ra6+ Kd7 51. Ra7+ Kd6 52. Rf7 Rg1 53. Rxf4 Rb1+ 54. Ka5 Rb3 55. Rf6 Rxc3 56. f4 Kd7 57. Rh6 Ra3+ 58. Kb4 Ra8 59. Kc5 Ra5 60. Kb6 Ra4 61. f5 exf5 62. Rxh5 Ke6 63. Rh6+ Ke7 64. Rc6 Rxd4 65. Kc5 Rxh4 66. b6 Ra4 67. Kxd5 Rb4 68. Kc5 Rb1 69. Rh6 f4 70. Rh3 Ke6 71. Kc6 Ke5 72. b7 Ke4 73. Kc7 f3 1/2-1/2

[Event "SVK-chT1E 2223"]
[Site "Slovakia"]
[Date "2022.10.16"]
[Round "2.3"]
[White "Zvarik, Martin"]
[Black "Papanetz, Peter"]
[Result "1-0"]
[WhiteElo "2167"]
[BlackElo "2100"]
[PlyCount "49"]
[EventDate "2022.10.15"]
[EventType "team-tourn"]
[EventRounds "11"]
[EventCountry "SVK"]
[SourceTitle "EXT 2024"]
[Source "ChessBase"]
[SourceDate "2023.10.10"]
[SourceVersion "1"]
[SourceVersionDate "2023.10.10"]
[SourceQuality "1"]
[WhiteTeam "Zilina Mladost II"]
[BlackTeam "Zvolen Slavia"]
[WhiteTeamCountry "SVK"]
[BlackTeamCountry "SVK"]

1. e4 c5 2. Nf3 Nc6 3. d4 cxd4 4. Nxd4 Nf6 5. Nc3 e5 6. Nde2 d6 7. g3 Be7 8. Bg2 a6 9. a4 Be6 10. h3 Rc8 11. Nd5 Nd4 12. Nxd4 exd4 13. Nxe7 Qxe7 14. 0-0 0-0 15. Re1 Qd7 16. g4 Qc7 17. Re2 Qc5 18. b3 d5 19. Ba3 Qc3 20. Bxf8 dxe4 21. Ba3 d3 22. cxd3 Bxb3 23. Qc1 exd3 24. Qxc3 Rxc3 25. Re3 1-0

[Event "SVK-chT1E 2122"]
[Site "Slovakia"]
[Date "2022.05.14"]
[Round "10.3"]
[White "Papanetz, Peter"]
[Black "Simonova, Stela"]
[Result "1-0"]
[WhiteElo "2129"]
[BlackElo "1778"]
[PlyCount "111"]
[EventDate "2022.01.29"]
[EventType "team-tourn"]
[EventRounds "11"]
[EventCountry "SVK"]
[SourceTitle "EXT 2023"]
[Source "ChessBase"]
[SourceDate "2022.10.05"]
[SourceVersion "1"]
[SourceVersionDate "2022.10.05"]
[SourceQuality "1"]
[WhiteTeam "Zvolen Slavia"]
[BlackTeam "Humenne Reinter II"]
[WhiteTeamCountry "SVK"]
[BlackTeamCountry "SVK"]

1. e4 c6 2. d4 d5 3. exd5 cxd5 4. Bd3 Nc6 5. c3 Nf6 6. Bf4 e6 7. Nd2 Be7 8. h3 Bd7 9. Ngf3 a6 10. a4 0-0 11. Ne5 Rc8 12. 0-0 Na5 13. Qe2 Qb6 14. Bg5 Qd8 15. Rfe1 Ne8 16. Qh5 g6 17. Bxe7 Qxe7 18. Qg4 Ng7 19. f4 Qe8 20. Qh4 Qd8 21. Qh6 Nc6 22. Ndf3 f6 23. Nxg6 Re8 24. Nge5 Nxe5 25. Rxe5 Nf5 26. Bxf5 exf5 27. Rxd5 Qe7 28. Re1 Qf7 29. Rxe8+ Rxe8 30. Rd6 Re6 31. Rxe6 Qxe6 32. Qh4 Bxa4 33. Qe1 Qd6 34. Qd2 Bc6 35. Qd3 Kf7 36. Kf2 Bd5 37. Nh4 Be6 38. Qf3 Qb6 39. b4 Qc7 40. Kg3 Kg7 41. d5 Bd7 42. Qd3 b5 43. Qd4 Qc8 44. Nf3 Kg6 45. Nd2 Qe8 46. Kf2 Qf8 47. Nb3 Qd6 48. Kf3 Bc8 49. Nc5 Kg7 50. Kf2 Kg6 51. Kf3 Kg7 52. g4 fxg4+ 53. hxg4 h6 54. Ne4 Qd8 55. g5 hxg5 56. fxg5 1-0

[Event "SVK-chT2C 1920"]
[Site "Slovakia"]
[Date "2019.12.15"]
[Round "6.1"]
[White "Papanetz, Peter"]
[Black "Kovacs, Daniel1"]
[Result "1-0"]
[WhiteElo "2112"]
[BlackElo "2010"]
[PlyCount "111"]
[EventDate "2019.10.26"]
[EventType "team-tourn"]
[EventRounds "11"]
[EventCountry "SVK"]
[SourceTitle "CBM 194 Extra"]
[Source "ChessBase"]
[SourceDate "2020.03.31"]
[SourceVersion "1"]
[SourceVersionDate "2020.03.31"]
[SourceQuality "1"]
[WhiteTeam "Filakovo"]
[BlackTeam "Vinica"]
[WhiteTeamCountry "SVK"]
[BlackTeamCountry "SVK"]

1. e4 e5 2. Nf3 d6 3. d4 exd4 4. Nxd4 Nf6 5. Nc3 Be7 6. Bb5+ c6 7. Be2 0-0 8. a4 d5 9. exd5 Nxd5 10. Nxd5 Qxd5 11. 0-0 Rd8 12. c3 Bf6 13. Be3 Bf5 14. Nxf5 Qxf5 15. Qb3 Qd7 16. a5 Qc7 17. Bc4 c5 18. Bd5 Nc6 19. a6 b6 20. Rfd1 Rac8 21. Qa4 Ne7 22. Be4 Rxd1+ 23. Rxd1 Rd8 24. Bf4 Rxd1+ 25. Qxd1 Qc8 26. Qd6 Ng6 27. Qb8 Qxb8 28. Bxb8 Be5 29. Bxa7 Bc7 30. Kf1 Ne7 31. Bb7 Kf8 32. Ke2 Ke8 33. b4 cxb4 34. c4 b3 35. Kd2 Kd7 36. c5 bxc5 37. Bxc5 Ba5+ 38. Kc1 Nc6 39. a7 Nxa7 40. Bxa7 Bc3 41. Bd5 b2+ 42. Kc2 f5 43. Bc5 g5 44. Bg8 h5 45. Bh7 Ke6 46. Bg6 h4 47. h3 g4 48. Bh5 g3 49. fxg3 hxg3 50. Ba3 b1Q+ 51. Kxb1 f4 52. Kc2 Be5 53. Kd3 Kf5 54. Bg4+ Kf6 55. Ke4 Bc7 56. Bb2+ 1-0

[Event "SVK-chT2C 1819"]
[Site "Slovakia"]
[Date "2018.11.18"]
[Round "4.1"]
[White "Papanetz, Peter"]
[Black "Haring, Filip"]
[Result "0-1"]
[WhiteElo "2200"]
[BlackElo "2258"]
[PlyCount "98"]
[EventDate "2018.10.13"]
[EventType "team-tourn"]
[EventRounds "11"]
[EventCountry "SVK"]
[SourceTitle "CBM 187 Extra"]
[Source "ChessBase"]
[SourceDate "2018.11.04"]
[SourceVersion "1"]
[SourceVersionDate "2018.11.04"]
[SourceQuality "1"]
[WhiteTeam "Filakovo"]
[BlackTeam "Banska Bystrica Veza"]
[WhiteTeamCountry "SVK"]
[BlackTeamCountry "SVK"]

1. e4 c5 2. c3 Nf6 3. e5 Nd5 4. Nf3 Nc6 5. d4 cxd4 6. Bc4 Nb6 7. Bb3 d5 8. exd6 Qxd6 9. 0-0 g6 10. Na3 Bg7 11. Nb5 Qb8 12. cxd4 a6 13. Nc3 0-0 14. d5 Na5 15. Be3 Nbc4 16. Bd4 Bxd4 17. Qxd4 Nxb3 18. axb3 Nd6 19. Rfe1 Nf5 20. Qd2 h5 21. Nd4 Qd6 22. Rad1 Rd8 23. Nxf5 Bxf5 24. Qe2 Rd7 25. h3 Qb4 26. Rd2 Rc8 27. Qe3 Qxb3 28. Qg5 Qb4 29. Re3 Rc4 30. Rf3 Be4 31. Rg3 Kh7 32. Qe5 Bf5 33. Rf3 Qd6 34. Qe2 Rf4 35. Re3 b5 36. g3 Rc4 37. Kg2 Rdc7 38. Ne4 Bxe4+ 39. Rxe4 Rxe4 40. Qxe4 Rc4 41. Qf3 Kg7 42. h4 Qe5 43. Re2 Qf6 44. Qe3 Qf5 45. Qxe7 Qxd5+ 46. f3 Rc1 47. Qe3 Qd1 48. Kh3 Qf1+ 49. Rg2 Rc2 0-1

[Event "SVK-chT2C 1718"]
[Site "Slovakia"]
[Date "2018.01.14"]
[Round "6.1"]
[White "Papanetz, Peter"]
[Black "Haring, Filip"]
[Result "1/2-1/2"]
[WhiteElo "2194"]
[BlackElo "2277"]
[PlyCount "120"]
[EventDate "2017.10.28"]
[EventType "team-tourn"]
[EventRounds "11"]
[EventCountry "SVK"]
[SourceTitle "EXT 2019"]
[Source "ChessBase"]
[SourceDate "2018.10.10"]
[SourceVersion "1"]
[SourceVersionDate "2018.10.10"]
[SourceQuality "1"]
[WhiteTeam "Filakovo"]
[BlackTeam "Banska Bystrica Veza"]
[WhiteTeamCountry "SVK"]
[BlackTeamCountry "SVK"]

1. e4 c5 2. c3 Nf6 3. e5 Nd5 4. Nf3 e6 5. d4 cxd4 6. cxd4 d6 7. Bd2 Nc6 8. Nc3 Be7 9. Bc4 0-0 10. 0-0 dxe5 11. dxe5 Nxc3 12. Bxc3 b6 13. Qe2 Bb7 14. Rac1 Rc8 15. Bd3 Qc7 16. Qe4 g6 17. Qe3 Rfd8 18. Bb1 Qd7 19. Be4 Nb4 20. Bxb7 Qxb7 21. Bxb4 Bxb4 22. Rxc8 Qxc8 23. Rc1 Qd7 24. Qe2 Bc5 25. g3 Qd5 26. b3 a5 27. Kg2 h6 28. Rc2 Qa8 29. Rd2 Rxd2 30. Qxd2 g5 31. h3 Kg7 32. Qd3 Qb7 33. a4 Qd5 34. Qxd5 exd5 35. Ne1 h5 36. g4 hxg4 37. hxg4 f6 38. exf6+ Kxf6 39. Nd3 Bd6 40. Kf3 Ke6 41. Ke3 Bc5+ 42. Ke2 Bd4 43. f4 Bf6 44. Ke3 Kd6 45. Kf3 Kc6 46. Ke3 Be7 47. Ne5+ Kc5 48. fxg5 Bxg5+ 49. Kd3 Kb4 50. Kc2 d4 51. Nd3+ Ka3 52. Nb2 Bd8 53. Nc4+ Kb4 54. Ne5 Bg5 55. Nc6+ Kc5 56. Na7 Bf6 57. Nb5 Kb4 58. Nc7 d3+ 59. Kxd3 Kxb3 60. Nd5 Bd8 1/2-1/2

[Event "SVK-chT2C 1112"]
[Site "Slovakia"]
[Date "2012.01.28"]
[Round "8.2"]
[White "Kantorik, Marian"]
[Black "Papanetz, Peter"]
[Result "1-0"]
[WhiteElo "2320"]
[BlackElo "2217"]
[PlyCount "81"]
[EventDate "2011.10.08"]
[EventType "team-tourn"]
[EventRounds "11"]
[EventCountry "SVK"]
[SourceTitle "EXT 2013"]
[Source "ChessBase"]
[SourceDate "2012.11.22"]
[SourceVersion "1"]
[SourceVersionDate "2012.11.22"]
[SourceQuality "1"]
[WhiteTeam "Dunajov II"]
[BlackTeam "Filakovo"]
[WhiteTeamCountry "SVK"]
[BlackTeamCountry "SVK"]

1. d4 Nf6 2. c4 e6 3. Nf3 b6 4. e3 Bb7 5. Bd3 c5 6. Nc3 Be7 7. 0-0 0-0 8. d5 exd5 9. cxd5 d6 10. e4 Nbd7 11. h3 a6 12. a4 Qc7 13. Re1 Rfe8 14. Bc4 Bf8 15. Bf4 g6 16. Qd3 Nh5 17. Bh2 Bh6 18. Ne2 Nhf6 19. Nc3 Nh5 20. Rad1 Bf4 21. Bxf4 Nxf4 22. Qd2 Nh5 23. Nh2 Qd8 24. g4 Ng7 25. f4 Qh4 26. Qg2 Qf6 27. Qg3 h6 28. h4 g5 29. hxg5 hxg5 30. fxg5 Qxg5 31. Nf3 Qe7 32. e5 Nxe5 33. Nxe5 dxe5 34. Ne4 b5 35. d6 Qd8 36. d7 Rf8 37. Bd5 Bxd5 38. Rxd5 f6 39. Rd6 c4 40. Rf1 Ra7 41. Rdxf6 1-0

[Event "SVK-chT2C 1112"]
[Site "Slovakia"]
[Date "2011.10.08"]
[Round "1.2"]
[White "Haring, Viktor"]
[Black "Papanetz, Peter"]
[Result "0-1"]
[WhiteElo "1964"]
[BlackElo "2217"]
[PlyCount "108"]
[EventDate "2011.10.08"]
[EventType "team-tourn"]
[EventRounds "11"]
[EventCountry "SVK"]
[SourceTitle "EXT 2013"]
[Source "ChessBase"]
[SourceDate "2012.11.22"]
[SourceVersion "1"]
[SourceVersionDate "2012.11.22"]
[SourceQuality "1"]
[WhiteTeam "Banska Bystrica Junior II"]
[BlackTeam "Filakovo"]
[WhiteTeamCountry "SVK"]
[BlackTeamCountry "SVK"]

1. e4 c5 2. Nf3 Nc6 3. d4 cxd4 4. Nxd4 Nf6 5. Nc3 e5 6. Ndb5 d6 7. Bg5 a6 8. Na3 b5 9. Nd5 Be7 10. Bxf6 Bxf6 11. c3 Ne7 12. Nxf6+ gxf6 13. Be2 f5 14. exf5 Bxf5 15. Bf3 d5 16. g3 0-0 17. 0-0 Qd6 18. Qd2 Rad8 19. Qg5+ Bg6 20. Rad1 f6 21. Qd2 Qc5 22. Nc2 d4 23. Rc1 dxc3 24. Qxc3 Qxc3 25. bxc3 Rd3 26. Ne3 Rfd8 27. Bb7 Rb8 28. Bf3 Rd2 29. Rfd1 Rbd8 30. Bb7 a5 31. Ba6 Be8 32. Rb1 Rxd1+ 33. Rxd1 Rxd1+ 34. Nxd1 Kf7 35. Ne3 Ke6 36. Kf1 Kd6 37. Ke2 Bc6 38. c4 b4 39. Ng4 f5 40. Nh6 Kc5 41. Nf7 Kd4 42. Kd2 Be4 43. Kc1 Bd3 44. Nd6 Kc5 45. Nf7 Nc6 46. Bb5 Bxc4 47. Bxc4 Kxc4 48. Nd6+ Kd3 49. Nxf5 e4 50. g4 Ne5 51. g5 Ng4 52. h4 Nxf2 53. h5 Ng4 54. Kb2 a4 0-1

[Event "SVK-chT1E 0910"]
[Site "Slovakia"]
[Date "2010.03.06"]
[Round "10.3"]
[White "Druska, Juraj"]
[Black "Papanetz, Peter"]
[Result "1/2-1/2"]
[WhiteElo "2125"]
[BlackElo "2226"]
[PlyCount "95"]
[EventDate "2009.10.17"]
[EventType "team"]
[EventRounds "11"]
[EventCountry "SVK"]
[SourceTitle "EXT 2011"]
[Source "ChessBase"]
[SourceDate "2010.11.26"]
[SourceVersion "1"]
[SourceVersionDate "2010.11.26"]
[SourceQuality "1"]
[WhiteTeam "Liptov Chess School"]
[BlackTeam "Filakovo"]
[WhiteTeamCountry "SVK"]
[BlackTeamCountry "SVK"]

1. e4 c5 2. Nf3 Nc6 3. d4 cxd4 4. Nxd4 Nf6 5. Nc3 e5 6. Ndb5 d6 7. Bg5 a6 8. Na3 b5 9. Nd5 Be7 10. Bxf6 Bxf6 11. c3 Ne7 12. Nc2 0-0 13. Nce3 Bg5 14. Nxe7+ Qxe7 15. Nd5 Qb7 16. a4 Be6 17. Bd3 bxa4 18. 0-0 f5 19. Qxa4 Bxd5 20. exd5 e4 21. Bxa6 Qxb2 22. Qc6 Bf4 23. c4 e3 24. fxe3 Bxe3+ 25. Kh1 Bc5 26. Rae1 f4 27. Re4 Rab8 28. Qd7 h6 29. Bb5 f3 30. gxf3 Qc2 31. Qe6+ Kh8 32. Qg6 Qd3 33. Qg2 Rf7 34. Qe2 Qc3 35. Bd7 Rbf8 36. Re8 Qf6 37. Qe6 Qf4 38. Rxf8+ Rxf8 39. Qg4 Qxg4 40. Bxg4 Rf4 41. Re1 Rxc4 42. Bf5 g5 43. Re6 Rf4 44. Be4 Rh4 45. Kg2 Kg7 46. h3 Kf7 47. Bg6+ Kg7 48. Be4 1/2-1/2

[Event "HUN-chT2 Erkel 0809"]
[Site "Hungary"]
[Date "2009.04.19"]
[Round "11.1"]
[White "Papanetz, Peter"]
[Black "Nagy, Ervin"]
[Result "0-1"]
[WhiteElo "2271"]
[BlackElo "2267"]
[PlyCount "198"]
[EventDate "2008.10.26"]
[EventType "tourn"]
[EventRounds "11"]
[EventCountry "HUN"]
[SourceTitle "EXT 2010"]
[Source "ChessBase"]
[SourceDate "2010.11.25"]
[SourceVersion "1"]
[SourceVersionDate "2010.11.25"]
[SourceQuality "1"]
[WhiteTeam "Paszto"]
[BlackTeam "HASE II"]
[WhiteTeamCountry "HUN"]
[BlackTeamCountry "HUN"]

1. e4 c5 2. c3 d5 3. exd5 Qxd5 4. d4 e6 5. Nf3 Nf6 6. Na3 Qd8 7. Nc4 Nc6 8. Nce5 Be7 9. Bb5 Bd7 10. Nxd7 Nxd7 11. 0-0 0-0 12. dxc5 Bxc5 13. Bxc6 bxc6 14. Bf4 Nf6 15. Qxd8 Rfxd8 16. Ne5 Bd6 17. Bg3 Bxe5 18. Bxe5 Rd2 19. c4 Rad8 20. Bc3 R2d3 21. Rfe1 Ne8 22. Rac1 Nd6 23. Ba5 Rd7 24. Kf1 Nf5 25. Bc3 h5 26. Ke2 Nh4 27. Kf1 Nf5 28. Ke2 f6 29. Red1 Rxd1 30. Rxd1 Rxd1 31. Kxd1 e5 32. Bb4 g5 33. Bc5 a6 34. b4 Kf7 35. Ke2 Ng7 36. a4 Ne6 37. Bb6 Ke7 38. h3 Nf4+ 39. Kf1 Kd7 40. Be3 Nd3 41. b5 cxb5 42. cxb5 a5 43. Bb6 Nb2 44. Bxa5 Nxa4 45. Ke2 Nc5 46. Bb4 Ne6 47. Bc3 Nc7 48. b6 Nd5 49. Ba5 Kc6 50. Kf3 f5 51. b7 Kxb7 52. Bd8 e4+ 53. Kg3 f4+ 54. Kh2 g4 55. hxg4 hxg4 56. Bg5 f3 57. gxf3 gxf3 58. Kg1 Kc6 59. Kf1 Kd6 60. Ke1 Ke5 61. Bh6 Kf5 62. Kf1 Kg4 63. Bg7 Nf4 64. Bd4 Nd3 65. Be3 Kf5 66. Kg1 Ne5 67. Kf1 Ke6 68. Ba7 Kd5 69. Ke1 Nc4 70. Kf1 Kc6 71. Ke1 Kb5 72. Kd1 Kb4 73. Bd4 Nd6 74. Kd2 Kc4 75. Bh8 Kd5 76. Ke1 Nf5 77. Bf6 Nh6 78. Bd8 Nf7 79. Bb6 Ne5 80. Ba7 Nc4 81. Kd1 Ke6 82. Ke1 Kf5 83. Kf1 Kg4 84. Kg1 Ne5 85. Bb6 Nd3 86. Be3 Kf5 87. Kh2 Nf4 88. Kg1 Ke5 89. Kf1 Nd3 90. Kg1 Kd5 91. Kh2 Kc4 92. Kg3 Nb2 93. Kf4 Kd3 94. Ba7 Na4 95. Be3 Nc3 96. Ba7 Nd5+ 97. Kg3 Ke2 98. Bc5 Nc3 99. Kf4 e3 0-1

[Event "HUN-chT2 Erkel 0809"]
[Site "Hungary"]
[Date "2009.04.05"]
[Round "10.1"]
[White "Simonyi, Zoltan"]
[Black "Papanetz, Peter"]
[Result "1-0"]
[WhiteElo "2248"]
[BlackElo "2271"]
[PlyCount "135"]
[EventDate "2008.10.26"]
[EventType "tourn"]
[EventRounds "11"]
[EventCountry "HUN"]
[SourceTitle "EXT 2010"]
[Source "ChessBase"]
[SourceDate "2010.11.25"]
[SourceVersion "1"]
[SourceVersionDate "2010.11.25"]
[SourceQuality "1"]
[WhiteTeam "Ujszasz"]
[BlackTeam "Paszto"]
[WhiteTeamCountry "HUN"]
[BlackTeamCountry "HUN"]

1. d4 Nf6 2. c4 e6 3. Nf3 b6 4. g3 Bb7 5. Bg2 Be7 6. 0-0 0-0 7. Nc3 Ne4 8. Nxe4 Bxe4 9. Ne1 Bxg2 10. Nxg2 d6 11. Bd2 c6 12. Qa4 Qd7 13. Ne3 b5 14. Qc2 Rc8 15. Rac1 Na6 16. cxb5 cxb5 17. Qd3 Qb7 18. Rfd1 Nc7 19. Rc2 Nd5 20. Rdc1 Nxe3 21. Bxe3 d5 22. Bf4 Rc4 23. b3 Rxc2 24. Rxc2 Bf6 25. e3 h6 26. g4 a6 27. Rc7 Qb6 28. Qc2 g5 29. Bg3 Kg7 30. Kg2 a5 31. Qc6 Qxc6 32. Rxc6 a4 33. Rb6 axb3 34. axb3 Ra5 35. Bd6 Bd8 36. Rb8 Bf6 37. b4 Ra6 38. Bc5 e5 39. dxe5 Bxe5 40. Rxb5 Ra2 41. h3 Bc3 42. Kf3 Be1 43. Bd4+ f6 44. e4 dxe4+ 45. Kxe4 Bxf2 46. Ra5 Rd2 47. Bc3 Re2+ 48. Kd5 Re3 49. Ra3 Kg6 50. Bb2 Re2 51. Rb3 f5 52. b5 fxg4 53. hxg4 Bb6 54. Be5 Rc2 55. Ke6 Re2 56. Kd5 Rc2 57. Bd6 h5 58. gxh5+ Kxh5 59. Rh3+ Kg4 60. Rh8 Be3 61. Rh7 Bf4 62. Bc5 Rd2+ 63. Ke4 Re2+ 64. Kd3 Rb2 65. b6 Kf3 66. Rf7 Rb1 67. b7 Rd1+ 68. Kc2 1-0